[Event "Stay Safe Play from Home 161"]
[Site "T#646205Emanuel Laske"]
[Date "2020.05.20"]
[Round "6"]
[White "Mosti"]
[Black "Karthikchess"]
[Result "0-1"]
[WhiteElo "2475"]
[BlackElo "2492"]
[PlyCount "72"]
[EventDate "2020.05.20"]
[EventType "swiss (blitz)"]

1. d4 {[%emt 0:00:02]} g6 {[%emt 0:00:01] Mosti bietet Remis} 2. Nf3 {[%emt 0:00:02]} Bg7 {[%emt 0:00:01]} 3. g3 {[%emt 0:00:00]} d6 {[%emt 0:00:00]} 4. Bg2 {[%emt 0:00:00]} Nf6 {[%emt 0:00:00]} 5. O-O {[%emt 0:00:00]} O-O {[%emt 0:00:08]} 6. b3 {[%emt 0:00:00] Karthikchess offers a draw} c6 {[%emt 0:00:02]} 7. Bb2 {[%emt 0:00:00]} Bf5 {[%emt 0:00:01]} 8. Nbd2 {[%emt 0:00:00]} Qc8 {[%emt 0:00:01]} 9. Re1 {[%emt 0:00:01]} Bh3 {[%emt 0:00:00]} 10. Bh1 {[%emt 0:00:00]} Re8 {[%emt 0:00:00]} 11. e4 {[%emt 0:00:01]} Na6 {[%emt 0:00:00]} 12. a3 {[%emt 0:00:01]} Nd7 {[%emt 0:00:01]} 13. Nc4 {[%emt 0:00:01]} Bg4 {[%emt 0:00:01]} 14. Bg2 {[%emt 0:00:02]} Nb6 {[%emt 0:00:01]} 15. h3 {[%emt 0:00:01]} Nxc4 {[%emt 0:00:01]} 16. bxc4 {[%emt 0:00:00]} Be6 {[%emt 0:00:01]} 17. Ng5 {[%emt 0:00:04]} Bxc4 {[%emt 0:00:01]} 18. e5 {[%emt 0:00:01]} h6 {[%emt 0:00:01]} 19. Nf3 {[%emt 0:00:01]} Bd5 {[%emt 0:00:01]} 20. Bc3 {[%emt 0:00:01]} dxe5 {[%emt 0:00:01]} 21. Nxe5 {[%emt 0:00:01]} Bxg2 {[%emt 0:00:01]} 22. Kxg2 {[%emt 0:00:00]} Nc7 {[%emt 0:00:00]} 23. Bb2 {[%emt 0:00:01]} Nd5 {[%emt 0:00:01]} 24. c4 {[%emt 0:00:01]} Nf6 {[%emt 0:00:01]} 25. Qc2 {[%emt 0:00:01]} Qc7 {[%emt 0:00:00]} 26. Re2 {[%emt 0:00:01]} Rad8 {[%emt 0:00:01]} 27. Rae1 {[%emt 0:00:00]} Nd7 {[%emt 0:00:01]} 28. h4 {[%emt 0:00:05]} Nxe5 {[%emt 0:00:01]} 29. dxe5 {[%emt 0:00:00]} e6 {[%emt 0:00:00]} 30. h5 {[%emt 0:00:00]} g5 {[%emt 0:00:00]} 31. f4 {[%emt 0:00:02]} gxf4 {[%emt 0:00:01]} 32. gxf4 {[%emt 0:00:00]} Kh8 {[%emt 0:00:00]} 33. Kf3 {[%emt 0:00:01]} Rg8 {[%emt 0:00:00]} 34. Rg2 {[%emt 0:00:01]} c5 {[%emt 0:00:00]} 35. Reg1 {[%emt 0:00:02]} Qc6+ {[%emt 0:00:02]} 36. Qe4 {[%emt 0:00:02]} Rd3+ {[%emt 0:00:01] Mosti gibt auf (Lag: Av=0.43s, max=0.7s)} 0-1

[Event "Stay Safe Play from Home 161"]
[Site "T#646205Emanuel Laske"]
[Date "2020.05.20"]
[Round "6"]
[White "Eidgenosse"]
[Black "Weltszmerc"]
[Result "1-0"]
[WhiteElo "2423"]
[BlackElo "2045"]
[PlyCount "113"]
[EventDate "2020.05.20"]
[EventType "swiss (blitz)"]

1. Nf3 {[%emt 0:00:01]} Nf6 {[%emt 0:00:00]} 2. g3 {[%emt 0:00:00]} d5 {[%emt 0:00:00]} 3. Bg2 {[%emt 0:00:00]} c6 {[%emt 0:00:00]} 4. O-O {[%emt 0:00:00]} Bf5 {[%emt 0:00:00]} 5. d3 {[%emt 0:00:00]} e6 {[%emt 0:00:02]} 6. Nbd2 {[%emt 0:00:00]} h6 {[%emt 0:00:00]} 7. Qe1 {[%emt 0:00:00]} Bc5 {[%emt 0:00:00]} 8. e4 {[%emt 0:00:01]} dxe4 {[%emt 0:00:00]} 9. dxe4 {[%emt 0:00:00]} Bh7 {[%emt 0:00:00]} 10. Qe2 {[%emt 0:00:00]} Nbd7 {[%emt 0:00:01]} 11. a3 {[%emt 0:00:01]} O-O {[%emt 0:00:01]} 12. b4 {[%emt 0:00:00]} Bb6 {[%emt 0:00:01]} 13. Bb2 {[%emt 0:00:00]} a5 {[%emt 0:00:00]} 14. Rfe1 {[%emt 0:00:03]} axb4 {[%emt 0:00:01]} 15. axb4 {[%emt 0:00:00]} Rxa1 {[%emt 0:00:01]} 16. Bxa1 {[%emt 0:00:00]} Qe7 {[%emt 0:00:01]} 17. Bc3 {[%emt 0:00:02]} Ng4 {[%emt 0:00:01]} 18. Rf1 {[%emt 0:00:04]} Ngf6 {[%emt 0:00:01]} 19. h3 {[%emt 0:00:01]} Rd8 {[%emt 0:00:02]} 20. Rd1 {[%emt 0:00:02]} Nf8 {[%emt 0:00:03]} 21. Ne5 {[%emt 0:00:02]} N6d7 {[%emt 0:00:02]} 22. Nec4 {[%emt 0:00:01]} Bc7 {[%emt 0:00:01]} 23. Qg4 {[%emt 0:00:03]} Nf6 {[%emt 0:00:03]} 24. Qe2 {[%emt 0:00:02]} N6d7 {[%emt 0:00:01]} 25. Kh2 {[%emt 0:00:01]} b5 {[%emt 0:00:01]} 26. Na5 {[%emt 0:00:02]} Bxa5 {[%emt 0:00:01]} 27. bxa5 {[%emt 0:00:00]} Nc5 {[%emt 0:00:00]} 28. Bb4 {[%emt 0:00:01]} Nfd7 {[%emt 0:00:00]} 29. Nb3 {[%emt 0:00:01]} e5 {[%emt 0:00:05]} 30. Bxc5 {[%emt 0:00:05]} Nxc5 {[%emt 0:00:01]} 31. Rxd8+ {[%emt 0:00:01]} Qxd8 {[%emt 0:00:01]} 32. Nxc5 {[%emt 0:00:01]} Qxa5 {[%emt 0:00:01]} 33. Nd3 {[%emt 0:00:00]} Qc3 {[%emt 0:00:03]} 34. f4 {[%emt 0:00:02]} exf4 {[%emt 0:00:03]} 35. gxf4 {[%emt 0:00:00]} g5 {[%emt 0:00:03]} 36. f5 {[%emt 0:00:02]} c5 {[%emt 0:00:02]} 37. Nf2 {[%emt 0:00:02]} c4 {[%emt 0:00:01]} 38. Bf3 {[%emt 0:00:01]} Qe5+ {[%emt 0:00:01]} 39. Kg2 {[%emt 0:00:01]} Kg7 {[%emt 0:00:02]} 40. Qe3 {[%emt 0:00:01]} b4 {[%emt 0:00:01]} 41. Nd1 {[%emt 0:00:01]} Bxf5 {[%emt 0:00:03]} 42. exf5 {[%emt 0:00:02]} Qxe3 {[%emt 0:00:00]} 43. Nxe3 {[%emt 0:00:00]} b3 {[%emt 0:00:01]} 44. cxb3 {[%emt 0:00:00]} cxb3 {[%emt 0:00:01]} 45. Bd5 {[%emt 0:00:01]} b2 {[%emt 0:00:01]} 46. Be4 {[%emt 0:00:00]} Kf6 {[%emt 0:00:00]} 47. Ng4+ {[%emt 0:00:01]} Ke7 {[%emt 0:00:02]} 48. Nxh6 {[%emt 0:00:01]} f6 {[%emt 0:00:00]} 49. Ng4 {[%emt 0:00:00]} Kd6 {[%emt 0:00:00]} 50. Bb1 {[%emt 0:00:00]} Kd5 {[%emt 0:00:01]} 51. Nxf6+ {[%emt 0:00:01]} Kd4 {[%emt 0:00:00]} 52. Ng4 {[%emt 0:00:00]} Kc3 {[%emt 0:00:02]} 53. f6 {[%emt 0:00:00]} Kd2 {[%emt 0:00:00]} 54. f7 {[%emt 0:00:00]} Kc1 {[%emt 0:00:00]} 55. f8=Q {[%emt 0:00:00]} Kxb1 {[%emt 0:00:00]} 56. Qb4 {[%emt 0:00:00]} Ka1 {[%emt 0:00:00]} 57. Qa3+ {[%emt 0:00:01] Czas partii (Lag: Av=0.54s, max=0.9s)} 1-0

[Event "Stay Safe Play from Home 161"]
[Site "T#646205Emanuel Laske"]
[Date "2020.05.20"]
[Round "6"]
[White "Klari64"]
[Black "Haxhi Baha"]
[Result "1-0"]
[WhiteElo "2314"]
[BlackElo "1954"]
[Annotator "NA"]
[PlyCount "93"]
[EventDate "2020.05.20"]
[EventType "swiss (blitz)"]

1. d4 {[%emt 0:00:02]} d5 {[%emt 0:00:01]} 2. Nf3 {[%emt 0:00:00]} e6 {[%emt 0:00:01]} 3. c4 {[%emt 0:00:00]} Bd6 {[%emt 0:00:01]} 4. cxd5 {[%emt 0:00:00]} exd5 {[%emt 0:00:00]} 5. Nc3 {[%emt 0:00:00]} c6 {[%emt 0:00:00]} 6. g3 {[%emt 0:00:00]} Nf6 {[%emt 0:00:01]} 7. Bg2 {[%emt 0:00:00]} Bf5 {[%emt 0:00:01]} 8. O-O {[%emt 0:00:00]} Qd7 {[%emt 0:00:01]} 9. Bg5 {[%emt 0:00:00]} Bh3 {[%emt 0:00:03]} 10. Ne5 {[%emt 0:00:02]} Bxe5 {[%emt 0:00:01]} 11. dxe5 {[%emt 0:00:00]} Bxg2 {[%emt 0:00:01]} 12. Kxg2 {[%emt 0:00:02]} Ng4 {[%emt 0:00:01]} 13. Bf4 {[%emt 0:00:01]} O-O {[%emt 0:00:02]} 14. e4 {[%emt 0:00:00]} d4 {[%emt 0:00:01]} 15. Ne2 {[%emt 0:00:02]} d3 {[%emt 0:00:02]} 16. Nc3 {[%emt 0:00:04]} Re8 {[%emt 0:00:01]} 17. Qd2 {[%emt 0:00:04]} Nxe5 {[%emt 0:00:01]} 18. Bxe5 {[%emt 0:00:00]} Rxe5 {[%emt 0:00:00]} 19. Rad1 {[%emt 0:00:00]} Na6 {[%emt 0:00:03]} 20. Qxd3 {[%emt 0:00:00]} Qxd3 {[%emt 0:00:02]} 21. Rxd3 {[%emt 0:00:00]} h6 {[%emt 0:00:02]} 22. Rfd1 {[%emt 0:00:02]} b5 {[%emt 0:00:02]} 23. Rd8+ {[%emt 0:00:01]} Rxd8 {[%emt 0:00:02]} 24. Rxd8+ {[%emt 0:00:00]} Kh7 {[%emt 0:00:00]} 25. Rd7 {[%emt 0:00:00]} Nc5 {[%emt 0:00:00]} 26. Rxf7 {[%emt 0:00:02]} Nxe4 {[%emt 0:00:01]} 27. Nxe4 {[%emt 0:00:00]} Rxe4 {[%emt 0:00:00]} 28. Rxa7 {[%emt 0:00:00]} Re2 {[%emt 0:00:01]} 29. b4 {[%emt 0:00:04]} Rb2 {[%emt 0:00:02]} 30. Ra6 {[%emt 0:00:01]} Rxb4 {[%emt 0:00:02]} 31. Rxc6 {[%emt 0:00:00]} Rb2 {[%emt 0:00:01]} 32. Rb6 {[%emt 0:00:00]} b4 {[%emt 0:00:02]} 33. h3 {[%emt 0:00:02]} Kg8 {[%emt 0:00:01]} 34. Rb7 {[%emt 0:00:02]} Kh7 {[%emt 0:00:02]} 35. Kf3 {[%emt 0:00:01]} Kg6 {[%emt 0:00:01]} 36. Kg4 {[%emt 0:00:02]} Rxa2 {[%emt 0:00:06]} 37. Rb6+ {[%emt 0:00:00]} Kf7 {[%emt 0:00:01]} 38. f4 {[%emt 0:00:00]} Rb2 {[%emt 0:00:02]} 39. Kf5 {[%emt 0:00:01]} b3 {[%emt 0:00:01]} 40. Rb7+ {[%emt 0:00:02]} Ke8 {[%emt 0:00:01]} 41. Kg6 {[%emt 0:00:00]} Rg2 {[%emt 0:00:01]} 42. Rxb3 {[%emt 0:00:03]} Ke7 {[%emt 0:00:01]} 43. g4 {[%emt 0:00:01]} Ke6 {[%emt 0:00:00]} 44. Re3+ {[%emt 0:00:02]} Kd6 {[%emt 0:00:01]} 45. f5 {[%emt 0:00:00]} Rf2 {[%emt 0:00:01]} 46. Kxg7 {[%emt 0:00:01]} h5 {[%emt 0:00:01]} 47. Kh6 {[%emt 0:00:00] Time (Lag: Av=0.93s, max=1.4s)} 1-0

[Event "Stay Safe Play from Home 161"]
[Site "T#646205Emanuel Laske"]
[Date "2020.05.20"]
[Round "6"]
[White "Mepe_Nika"]
[Black "Toosieslide"]
[Result "0-1"]
[WhiteElo "2282"]
[BlackElo "2157"]
[PlyCount "102"]
[EventDate "2020.05.20"]
[EventType "swiss (blitz)"]

1. e4 {[%emt 0:00:01]} e5 {[%emt 0:00:01]} 2. Nf3 {[%emt 0:00:01]} Nc6 {[%emt 0:00:00]} 3. Bb5 {[%emt 0:00:01]} a6 {[%emt 0:00:01]} 4. Ba4 {[%emt 0:00:01]} Nf6 {[%emt 0:00:01]} 5. O-O {[%emt 0:00:01]} Be7 {[%emt 0:00:00]} 6. Re1 {[%emt 0:00:01]} b5 {[%emt 0:00:01]} 7. Bb3 {[%emt 0:00:01]} d6 {[%emt 0:00:00]} 8. c3 {[%emt 0:00:01]} O-O {[%emt 0:00:00]} 9. h3 {[%emt 0:00:00]} Na5 {[%emt 0:00:01]} 10. Bc2 {[%emt 0:00:01]} c5 {[%emt 0:00:00]} 11. d4 {[%emt 0:00:01]} Qc7 {[%emt 0:00:00]} 12. Nbd2 {[%emt 0:00:02]} Re8 {[%emt 0:00:01]} 13. Nf1 {[%emt 0:00:01]} g6 {[%emt 0:00:01]} 14. Ng3 {[%emt 0:00:01]} Bf8 {[%emt 0:00:01]} 15. Bg5 {[%emt 0:00:01]} Bg7 {[%emt 0:00:00]} 16. Rc1 {[%emt 0:00:01]} Bb7 {[%emt 0:00:02]} 17. d5 {[%emt 0:00:01]} Bc8 {[%emt 0:00:00]} 18. b3 {[%emt 0:00:01]} Bd7 {[%emt 0:00:01]} 19. Nh2 {[%emt 0:00:02]} c4 {[%emt 0:00:01]} 20. b4 {[%emt 0:00:02]} Nb7 {[%emt 0:00:00]} 21. a3 {[%emt 0:00:02]} a5 {[%emt 0:00:01]} 22. Ng4 {[%emt 0:00:01]} axb4 {[%emt 0:00:01]} 23. axb4 {[%emt 0:00:00]} Nxg4 {[%emt 0:00:02]} 24. hxg4 {[%emt 0:00:00]} Qc8 {[%emt 0:00:01]} 25. f3 {[%emt 0:00:01]} h6 {[%emt 0:00:01]} 26. Be3 {[%emt 0:00:01]} Kh7 {[%emt 0:00:01]} 27. Qd2 {[%emt 0:00:01]} Ra2 {[%emt 0:00:02]} 28. Ra1 {[%emt 0:00:01]} Qa8 {[%emt 0:00:01]} 29. Rxa2 {[%emt 0:00:01]} Qxa2 {[%emt 0:00:00]} 30. Bb1 {[%emt 0:00:02]} Qxd2 {[%emt 0:00:02]} 31. Bxd2 {[%emt 0:00:00]} Ra8 {[%emt 0:00:00]} 32. Bc1 {[%emt 0:00:01]} Nd8 {[%emt 0:00:03]} 33. Bb2 {[%emt 0:00:01]} f6 {[%emt 0:00:01]} 34. Bc2 {[%emt 0:00:01]} Ra2 {[%emt 0:00:02]} 35. Rb1 {[%emt 0:00:01]} Nf7 {[%emt 0:00:01]} 36. Kf2 {[%emt 0:00:01]} g5 {[%emt 0:00:02]} 37. Ke2 {[%emt 0:00:01]} Nh8 {[%emt 0:00:00]} 38. Nf5 {[%emt 0:00:01]} Bxf5 {[%emt 0:00:02]} 39. gxf5 {[%emt 0:00:00]} h5 {[%emt 0:00:01]} 40. Kd2 {[%emt 0:00:01]} g4 {[%emt 0:00:01]} 41. Kc1 {[%emt 0:00:01]} Bh6+ {[%emt 0:00:01]} 42. Kd1 {[%emt 0:00:02]} Nf7 {[%emt 0:00:02]} 43. Bc1 {[%emt 0:00:01]} Bxc1 {[%emt 0:00:02]} 44. Rxc1 {[%emt 0:00:00]} gxf3 {[%emt 0:00:00]} 45. gxf3 {[%emt 0:00:00]} Ng5 {[%emt 0:00:00]} 46. Ke2 {[%emt 0:00:01]} h4 {[%emt 0:00:01]} 47. Kf2 {[%emt 0:00:02]} Nh3+ {[%emt 0:00:01]} 48. Ke3 {[%emt 0:00:01]} Nf4 {[%emt 0:00:01]} 49. Bd1 {[%emt 0:00:01]} h3 {[%emt 0:00:01]} 50. Bc2 {[%emt 0:00:01]} h2 {[%emt 0:00:01]} 51. Bb1 {[%emt 0:00:04]} Re2# {[%emt 0:00:01] (Lag: Av=0.61s, max=0.8s)} 0-1

[Event "Stay Safe Play from Home 161"]
[Site "T#646205Emanuel Laske"]
[Date "2020.05.20"]
[Round "6"]
[White "Lamborghini"]
[Black "Matanant"]
[Result "1-0"]
[WhiteElo "2157"]
[BlackElo "1639"]
[PlyCount "91"]
[EventDate "2020.05.20"]
[EventType "swiss (blitz)"]

1. e4 {[%emt 0:00:03]} e5 {[%emt 0:00:01]} 2. Nf3 {[%emt 0:00:01]} d5 {[%emt 0:00:00]} 3. d3 {[%emt 0:00:02]} dxe4 {[%emt 0:00:01]} 4. dxe4 {[%emt 0:00:01]} Qxd1+ {[%emt 0:00:02]} 5. Kxd1 {[%emt 0:00:00]} f6 {[%emt 0:00:00]} 6. Bc4 {[%emt 0:00:02]} Bd6 {[%emt 0:00:00]} 7. c3 {[%emt 0:00:01]} Ne7 {[%emt 0:00:01]} 8. Kc2 {[%emt 0:00:01]} Ng6 {[%emt 0:00:00]} 9. b4 {[%emt 0:00:02]} Nf8 {[%emt 0:00:00]} 10. Nbd2 {[%emt 0:00:02]} Be6 {[%emt 0:00:00]} 11. a4 {[%emt 0:00:02]} Nbd7 {[%emt 0:00:01]} 12. Rd1 {[%emt 0:00:02]} O-O-O {[%emt 0:00:02]} 13. a5 {[%emt 0:00:01]} a6 {[%emt 0:00:01]} 14. Bf1 {[%emt 0:00:02]} Nb8 {[%emt 0:00:05]} 15. Nc4 {[%emt 0:00:01]} Be7 {[%emt 0:00:02]} 16. Be3 {[%emt 0:00:01]} Nc6 {[%emt 0:00:02]} 17. Rxd8+ {[%emt 0:00:01]} Bxd8 {[%emt 0:00:02]} 18. Nfd2 {[%emt 0:00:01]} Be7 {[%emt 0:00:01]} 19. Nb3 {[%emt 0:00:01]} Nd7 {[%emt 0:00:02]} 20. g3 {[%emt 0:00:01]} Rd8 {[%emt 0:00:01]} 21. f4 {[%emt 0:00:01]} exf4 {[%emt 0:00:03]} 22. gxf4 {[%emt 0:00:01]} g5 {[%emt 0:00:02]} 23. f5 {[%emt 0:00:01]} Bf7 {[%emt 0:00:02]} 24. Bc5 {[%emt 0:00:01]} Bxc5 {[%emt 0:00:02]} 25. Nxc5 {[%emt 0:00:00]} Nxc5 {[%emt 0:00:01]} 26. bxc5 {[%emt 0:00:00]} Re8 {[%emt 0:00:01]} 27. Re1 {[%emt 0:00:02]} Bxc4 {[%emt 0:00:02]} 28. Bxc4 {[%emt 0:00:00]} Nxa5 {[%emt 0:00:01]} 29. Be6+ {[%emt 0:00:01]} Kd8 {[%emt 0:00:01]} 30. Bd5 {[%emt 0:00:01]} c6 {[%emt 0:00:02]} 31. Be6 {[%emt 0:00:01]} Kc7 {[%emt 0:00:01]} 32. Rd1 {[%emt 0:00:01]} Re7 {[%emt 0:00:02]} 33. Rg1 {[%emt 0:00:01]} b6 {[%emt 0:00:01]} 34. h4 {[%emt 0:00:08]} h6 {[%emt 0:00:02]} 35. hxg5 {[%emt 0:00:02]} hxg5 {[%emt 0:00:00]} 36. Rh1 {[%emt 0:00:00]} Nb7 {[%emt 0:00:01]} 37. cxb6+ {[%emt 0:00:00]} Kxb6 {[%emt 0:00:01]} 38. Ra1 {[%emt 0:00:01]} a5 {[%emt 0:00:01]} 39. Kb3 {[%emt 0:00:00]} Nc5+ {[%emt 0:00:02]} 40. Kc4 {[%emt 0:00:00]} Nxe6 {[%emt 0:00:01]} 41. fxe6 {[%emt 0:00:00]} Rxe6 {[%emt 0:00:00]} 42. Rf1 {[%emt 0:00:00]} Rxe4+ {[%emt 0:00:02]} 43. Kd3 {[%emt 0:00:00]} Rf4 {[%emt 0:00:00]} 44. Re1 {[%emt 0:00:01]} c5 {[%emt 0:00:01]} 45. Re6+ {[%emt 0:00:00]} Kb5 {[%emt 0:00:00]} 46. Kc2 {[%emt 0:00:01] Time} 1-0

[Event "Stay Safe Play from Home 161"]
[Site "T#646205Emanuel Laske"]
[Date "2020.05.20"]
[Round "6"]
[White "Lazieri3"]
[Black "Castlingarrocco"]
[Result "1-0"]
[WhiteElo "2101"]
[BlackElo "2034"]
[PlyCount "20"]
[EventDate "2020.05.20"]
[EventType "swiss (blitz)"]

1. e4 {[%emt 0:00:01]} d6 {[%emt 0:00:00]} 2. Nc3 {[%emt 0:00:00]} Nf6 {[%emt 0:00:00]} 3. Nf3 {[%emt 0:00:00]} e5 {[%emt 0:00:00]} 4. Bc4 {[%emt 0:00:01]} Nbd7 {[%emt 0:00:00]} 5. Ng5 {[%emt 0:00:01]} Be7 {[%emt 0:00:02]} 6. Nxf7 {[%emt 0:00:02]} Kf8 {[%emt 0:00:00]} 7. Nxd8 {[%emt 0:00:01]} Bxd8 {[%emt 0:00:00]} 8. d4 {[%emt 0:00:02]} Nb6 {[%emt 0:00:00]} 9. dxe5 {[%emt 0:00:01]} Be7 {[%emt 0:00:01]} 10. exf6 {[%emt 0:00:01]} gxf6 {[%emt 0:00:01] Castlingarrocco abbandona (Lag: Av=0.54s, max=0.7s)} 1-0

[Event "Stay Safe Play from Home 161"]
[Site "T#646205Emanuel Laske"]
[Date "2020.05.20"]
[Round "6"]
[White "Emresenar"]
[Black "UHU4"]
[Result "1-0"]
[WhiteElo "1766"]
[BlackElo "1493"]
[Annotator "NA"]
[PlyCount "47"]
[EventDate "2020.05.20"]
[EventType "swiss (blitz)"]

1. g3 {[%emt 0:00:01]} d5 {[%emt 0:00:01]} 2. Bg2 {[%emt 0:00:00]} e5 {[%emt 0:00:01]} 3. b3 {[%emt 0:00:00]} Nf6 {[%emt 0:00:00]} 4. Bb2 {[%emt 0:00:00]} Bd6 {[%emt 0:00:01]} 5. d3 {[%emt 0:00:00]} c6 {[%emt 0:00:00]} 6. Nd2 {[%emt 0:00:00]} Bg4 {[%emt 0:00:01]} 7. c4 {[%emt 0:00:01]} Nbd7 {[%emt 0:00:02]} 8. cxd5 {[%emt 0:00:01]} cxd5 {[%emt 0:00:01]} 9. Rc1 {[%emt 0:00:01]} O-O {[%emt 0:00:02]} 10. Ngf3 {[%emt 0:00:01]} Be6 {[%emt 0:00:04]} 11. O-O {[%emt 0:00:01]} Rc8 {[%emt 0:00:01]} 12. e3 {[%emt 0:00:03]} Qb6 {[%emt 0:00:01]} 13. Qe2 {[%emt 0:00:01]} e4 {[%emt 0:00:02]} 14. dxe4 {[%emt 0:00:01]} dxe4 {[%emt 0:00:01]} 15. Ng5 {[%emt 0:00:03]} Bg4 {[%emt 0:00:08]} 16. f3 {[%emt 0:00:09]} exf3 {[%emt 0:00:01]} 17. Bxf3 {[%emt 0:00:01]} Bxf3 {[%emt 0:00:03]} 18. Rxf3 {[%emt 0:00:01]} Rce8 {[%emt 0:00:03]} 19. Nc4 {[%emt 0:00:07]} Qc7 {[%emt 0:00:06]} 20. Qd3 {[%emt 0:00:05]} Bc5 {[%emt 0:00:02]} 21. Bxf6 {[%emt 0:00:04]} Nxf6 {[%emt 0:00:03]} 22. Rxf6 {[%emt 0:00:01]} Bxe3+ {[%emt 0:00:04]} 23. Kg2 {[%emt 0:00:07]} Bxc1 {[%emt 0:00:02]} 24. Qxh7# {[%emt 0:00:02] (Lag: Av=0.86s, max=1.1s)} 1-0

[Event "Stay Safe Play from Home 161"]
[Site "T#646205Emanuel Laske"]
[Date "2020.05.20"]
[Round "6"]
[White "Tavares"]
[Black "GIULIO19031975"]
[Result "0-1"]
[WhiteElo "1728"]
[BlackElo "1831"]
[Annotator "NA"]
[PlyCount "80"]
[EventDate "2020.05.20"]
[EventType "swiss (blitz)"]

1. d4 {[%emt 0:00:02]} d5 {[%emt 0:00:01]} 2. c4 {[%emt 0:00:00]} e6 {[%emt 0:00:00]} 3. g3 {[%emt 0:00:00]} c6 {[%emt 0:00:00]} 4. Bg2 {[%emt 0:00:00]} Nf6 {[%emt 0:00:00]} 5. Nf3 {[%emt 0:00:00]} Be7 {[%emt 0:00:00]} 6. Nc3 {[%emt 0:00:01]} O-O {[%emt 0:00:00]} 7. O-O {[%emt 0:00:00]} Nbd7 {[%emt 0:00:01]} 8. Qc2 {[%emt 0:00:00]} dxc4 {[%emt 0:00:01]} 9. e4 {[%emt 0:00:01]} b5 {[%emt 0:00:00]} 10. e5 {[%emt 0:00:02]} Nd5 {[%emt 0:00:01]} 11. Ne4 {[%emt 0:00:02]} b4 {[%emt 0:00:01]} 12. Qxc4 {[%emt 0:00:01]} a5 {[%emt 0:00:02]} 13. a3 {[%emt 0:00:02]} Ba6 {[%emt 0:00:01]} 14. Qc2 {[%emt 0:00:03]} Bxf1 {[%emt 0:00:01]} 15. Kxf1 {[%emt 0:00:00]} Rc8 {[%emt 0:00:01]} 16. Bd2 {[%emt 0:00:03]} h6 {[%emt 0:00:01]} 17. Rc1 {[%emt 0:00:02]} bxa3 {[%emt 0:00:01]} 18. bxa3 {[%emt 0:00:01]} Bxa3 {[%emt 0:00:01]} 19. Rb1 {[%emt 0:00:02]} Bb4 {[%emt 0:00:01]} 20. Kg1 {[%emt 0:00:02]} Bxd2 {[%emt 0:00:01]} 21. Nfxd2 {[%emt 0:00:02]} Nb4 {[%emt 0:00:01]} 22. Qb3 {[%emt 0:00:02]} Rb8 {[%emt 0:00:02]} 23. Nc4 {[%emt 0:00:01]} Nb6 {[%emt 0:00:01]} 24. Ncd6 {[%emt 0:00:01]} N6d5 {[%emt 0:00:01]} 25. Qc4 {[%emt 0:00:01]} a4 {[%emt 0:00:01]} 26. h4 {[%emt 0:00:05]} a3 {[%emt 0:00:01]} 27. Ra1 {[%emt 0:00:01]} a2 {[%emt 0:00:01]} 28. Nc3 {[%emt 0:00:01]} Nxc3 {[%emt 0:00:01]} 29. Qxc3 {[%emt 0:00:00]} Nd5 {[%emt 0:00:01]} 30. Qc2 {[%emt 0:00:03]} Qa5 {[%emt 0:00:03]} 31. Rxa2 {[%emt 0:00:05]} Qe1+ {[%emt 0:00:03]} 32. Kh2 {[%emt 0:00:01]} Rb1 {[%emt 0:00:01]} 33. Qe2 {[%emt 0:00:05]} Qxe2 {[%emt 0:00:01]} 34. Rxe2 {[%emt 0:00:00]} Rb4 {[%emt 0:00:02]} 35. Rc2 {[%emt 0:00:01]} Rxd4 {[%emt 0:00:01]} 36. Rxc6 {[%emt 0:00:00]} Rd2 {[%emt 0:00:01]} 37. Kg1 {[%emt 0:00:02]} Ne3 {[%emt 0:00:01]} 38. f4 {[%emt 0:00:00]} Rxg2+ {[%emt 0:00:01]} 39. Kh1 {[%emt 0:00:02]} Rxg3 {[%emt 0:00:01]} 40. Ne4 {[%emt 0:00:01] .} Rh3+ {[%emt 0:00:01]} 0-1

[Event "Stay Safe Play from Home 161"]
[Site "T#646205Emanuel Laske"]
[Date "2020.05.20"]
[Round "6"]
[White "Gm27"]
[Black "Trotsky"]
[Result "1-0"]
[WhiteElo "1703"]
[BlackElo "1512"]
[Annotator "NA"]
[PlyCount "55"]
[EventDate "2020.05.20"]
[EventType "swiss (blitz)"]

1. d4 {[%emt 0:00:01]} d5 {[%emt 0:00:01]} 2. Nf3 {[%emt 0:00:00]} e6 {[%emt 0:00:00]} 3. Bf4 {[%emt 0:00:01]} c5 {[%emt 0:00:01]} 4. c3 {[%emt 0:00:01]} Nc6 {[%emt 0:00:01]} 5. e3 {[%emt 0:00:01]} c4 {[%emt 0:00:01]} 6. Be2 {[%emt 0:00:01]} Bd6 {[%emt 0:00:01]} 7. Bg3 {[%emt 0:00:02]} Qc7 {[%emt 0:00:01]} 8. Nbd2 {[%emt 0:00:02]} h5 {[%emt 0:00:02]} 9. Qc2 {[%emt 0:00:02]} Bd7 {[%emt 0:00:01]} 10. Bxd6 {[%emt 0:00:01]} Qxd6 {[%emt 0:00:01]} 11. e4 {[%emt 0:00:01]} O-O-O {[%emt 0:00:01]} 12. e5 {[%emt 0:00:01]} Qc7 {[%emt 0:00:01]} 13. O-O {[%emt 0:00:01]} f6 {[%emt 0:00:01]} 14. b3 {[%emt 0:00:02]} fxe5 {[%emt 0:00:01]} 15. bxc4 {[%emt 0:00:02]} e4 {[%emt 0:00:02]} 16. cxd5 {[%emt 0:00:08]} exd5 {[%emt 0:00:02]} 17. Ng5 {[%emt 0:00:03]} Nf6 {[%emt 0:00:01]} 18. Nf7 {[%emt 0:00:01]} Ng4 {[%emt 0:00:02]} 19. g3 {[%emt 0:00:02]} h4 {[%emt 0:00:01]} 20. Nxd8 {[%emt 0:00:03]} hxg3 {[%emt 0:00:03]} 21. Bxg4 {[%emt 0:00:04]} Bxg4 {[%emt 0:00:09]} 22. fxg3 {[%emt 0:00:04]} Rxd8 {[%emt 0:00:08]} 23. Nxe4 {[%emt 0:00:02]} Rh8 {[%emt 0:00:05]} 24. Ng5 {[%emt 0:00:04]} Ne7 {[%emt 0:00:11]} 25. Qf2 {[%emt 0:00:02]} Ng6 {[%emt 0:00:01]} 26. Qf7 {[%emt 0:00:02]} Qxc3 {[%emt 0:00:03]} 27. Qxg6 {[%emt 0:00:02] .} Qe3+ {[%emt 0:00:01]} 28. Kg2 {[%emt 0:00:02] Âðåìÿ (Lag: Av=0.57s, max=0.8s)} 1-0